000
00302 a2200133 4500
000
nam a22 7a 4500
100
_a
Borade,J.A
110
_a
Borade,J.A
245
_a
HEALTH AND PHYSICAL EDUCATION
250
_a
latest edition
260
_b
satyam
_c
2025
264
_b
satyam
_c
2025
942
_c
BK
999
_c
396248
_d
396248